[Event "Trois-Rivieres Mauricie op"]
[Site "Trois Rivieres"]
[Date "2012.03.17"]
[Round "3"]
[White "Bergeron, Carl"]
[Black "Wilkin, Alain"]
[Result "1/2-1/2"]
[WhiteElo "1493"]
[BlackElo "2004"]
[PlyCount "56"]
[EventDate "2012.03.16"]
[EventType "swiss"]
[EventRounds "5"]
[EventCountry "CAN"]
[SourceTitle "EXT 2022"]
[Source "ChessBase"]
[SourceDate "2021.10.06"]
[SourceVersion "1"]
[SourceVersionDate "2021.10.06"]
[SourceQuality "1"]

1. e4 c5 2. Nf3 e6 3. d4 cxd4 4. Nxd4 a6 5. Be2 Nf6 6. Nc3 d6 7. 0-0 Be7 8. f4 Qc7 9. Be3 Nbd7 10. Qd2 0-0 11. Bf3 Nb6 12. Qd3 Nfd7 13. g4 Nc5 14. Qe2 Nca4 15. Nxa4 Nxa4 16. Rab1 Bd7 17. Qg2 Rac8 18. Rf2 b5 19. g5 Rfe8 20. f5 exf5 21. Nxf5 Bxf5 22. exf5 Bf8 23. Bd4 Nb6 24. g6 fxg6 25. fxg6 h6 26. Bd5+ Nxd5 27. Qxd5+ Kh8 28. Qh5 Kg8 1/2-1/2

[Event "Quebec op"]
[Site "Montreal"]
[Date "2011.07.28"]
[Round "7"]
[White "Beladel, Brahim"]
[Black "Bergeron, Carl"]
[Result "1-0"]
[WhiteElo "1693"]
[BlackElo "1462"]
[PlyCount "103"]
[EventDate "2011.07.23"]
[EventType "swiss"]
[EventRounds "9"]
[EventCountry "CAN"]
[SourceTitle "EXT 2022"]
[Source "ChessBase"]
[SourceDate "2021.10.06"]
[SourceVersion "1"]
[SourceVersionDate "2021.10.06"]
[SourceQuality "1"]

1. e4 e6 2. d4 d5 3. Nd2 c5 4. exd5 Qxd5 5. Ngf3 cxd4 6. Bc4 Qd8 7. 0-0 Nf6 8. Nb3 Qc7 9. Bd3 Bd6 10. Nbxd4 a6 11. h3 Nc6 12. Nxc6 bxc6 13. Re1 0-0 14. Bg5 Nd5 15. c3 f6 16. Bd2 Rb8 17. Qc2 f5 18. Nd4 Rf6 19. b4 Bf4 20. Nf3 Bxd2 21. Qxd2 Nf4 22. Re5 Ng6 23. Ree1 c5 24. Rad1 c4 25. Bf1 Bb7 26. Qd6 Qxd6 27. Rxd6 Bxf3 28. gxf3 Nh4 29. Rexe6 Rxe6 30. Rxe6 Nxf3+ 31. Kg2 Nd2 32. Rxa6 Nb1 33. Bxc4+ Kh8 34. b5 Nxc3 35. b6 g6 36. Kf1 Ne4 37. Bd5 Nc5 38. Ra8 Rxa8 39. Bxa8 Nd7 40. b7 Kg8 41. a4 Kf8 42. a5 Nb8 43. Ke2 Ke7 44. Ke3 Kd6 45. Kf4 Kc5 46. Ke3 h6 47. h4 Kd5 48. a6 Kd6 49. a7 Kc7 50. axb8Q+ Kxb8 51. Kd4 h5 52. Ke5 1-0

[Event "Quebec op"]
[Site "Montreal"]
[Date "2011.07.25"]
[Round "4"]
[White "Bergeron, Carl"]
[Black "Leitch, Darcy"]
[Result "1-0"]
[WhiteElo "1462"]
[BlackElo "1872"]
[PlyCount "60"]
[EventDate "2011.07.23"]
[EventType "swiss"]
[EventRounds "9"]
[EventCountry "CAN"]
[SourceTitle "EXT 2022"]
[Source "ChessBase"]
[SourceDate "2021.10.06"]
[SourceVersion "1"]
[SourceVersionDate "2021.10.06"]
[SourceQuality "1"]

1. e4 d6 2. d4 Nf6 3. Nc3 g6 4. f4 Bg7 5. Nf3 0-0 6. Bc4 c5 7. d5 b5 8. Be2 b4 9. e5 bxc3 10. exf6 Bxf6 11. b3 Nd7 12. 0-0 Bb7 13. h4 Nb6 14. f5 Bxd5 15. Bh6 Re8 16. fxg6 hxg6 17. Ng5 Bd4+ 18. Kh1 Bg7 19. Bxg7 Kxg7 20. Bf3 Be6 21. Nxe6+ fxe6 22. Bxa8 Qxa8 23. Qe1 e5 24. Qxc3 Qe4 25. Rf3 Qxh4+ 26. Rh3 Qg5 27. Qf3 Rf8 28. Qb7 Rf2 29. Rg1 c4 30. Qxa7 Nd5 1-0